000 00457nam a2200181Ia 4500
001 7347
005 20260306160448.0
008 260306t2009||||xx |||||||||||||| ||spa||
041 _aESP
082 _a338.542
_bK84
100 _aKrugman, Paul
_eAUT
245 0 _aDe vuelta a la economía de la gran depresión y la crisis del 2008
260 _c2009
300 _a200 páginas :
_c23 cm.
650 _aGEN
654 _aCAN
942 _cLIB
_dJUS
_fJUS
_2ddc
_n
999 _c7347
_d7347